Normal view
MARC view
Entry Geographic Name
001 - CONTROL NUMBER
- control field: 40845
003 - CONTROL NUMBER IDENTIFIER
- control field: ARRUPE
005 - DATE AND TIME OF LATEST TRANSACTION
- control field: 20180322094047.0
008 - FIXED-LENGTH DATA ELEMENTS
- fixed length control field: 180322|| aca||aabn | a|a d
040 ## - CATALOGING SOURCE
- Original cataloging agency: ARRUPE
- Transcribing agency: ARRUPE
151 ## - HEADING--GEOGRAPHIC NAME
- Geographic name: Zimbabwe
- General subdivision: Social conditions
- Chronological subdivision: 20th century.
670 ## - SOURCE DATA FOUND
- Source citation: Work cat.: (ARRUPE)0: Law, Kate, author. 40841, Gendering the settler state :, 2016